Pays aux noms plus courts que la moyenne - Statistiques

Statistiques générales
  • Ce quiz a été pris 15 fois
  • Le résultat moyen est 20 sur 130
Statistiques - réponses
HINT ANSWER % Correct
Afrique Algérie
73%
Afrique Angola
55%
Afrique Bénin
45%
Afrique Togo
45%
Afrique Zambie
36%
Afrique Burundi
27%
Afrique Comores
27%
Afrique Eswatini
27%
Afrique Éthiopie
27%
Afrique Gabon
27%
Afrique Ghana
27%
Afrique Guinée
27%
Asie Inde
27%
Asie Irak
27%
Asie Iran
27%
Afrique Kenya
27%
Asie Laos
27%
Afrique Lesotho
27%
Afrique Liberia
27%
Afrique Libye
27%
Afrique Mali
27%
Afrique Maroc
27%
Afrique Namibie
27%
Océanie Nauru
27%
Océanie Samoa
27%
Afrique Soudan
27%
Océanie Tonga
27%
Océanie Tuvalu
27%
Asie Yémen
27%
Afrique Zimbabwe
27%
Amérique Belize
18%
Afrique Botswana
18%
Asie Brunei
18%
Afrique Cameroun
18%
Afrique Cap-Vert
18%
Amérique Chili
18%
Afrique Djibouti
18%
Afrique Égypte
18%
Afrique Érythrée
18%
Europe France
18%
Afrique Gambie
18%
Europe Grèce
18%
Asie Israël
18%
Europe Italie
18%
Asie Japon
18%
Asie Koweït
18%
Asie Liban
18%
Afrique Malawi
18%
Europe Malte
18%
Asie Népal
18%
Afrique Niger
18%
Afrique Nigeria
18%
Asie Oman
18%
Afrique Ouganda
18%
Océanie Palaos
18%
Afrique Rwanda
18%
Afrique Somalie
18%
Europe Suède
18%
Afrique Tchad
18%
Afrique Tunisie
18%
Océanie Vanuatu
18%
Europe Albanie
9%
Europe Andorre
9%
Asie Arménie
9%
Europe Autriche
9%
Amérique Bahamas
9%
Asie Bahreïn
9%
Amérique Barbade
9%
Europe Belgique
9%
Asie Bhoutan
9%
Amérique Bolivie
9%
Amérique Brésil
9%
Europe Bulgarie
9%
Asie Cambodge
9%
Amérique Canada
9%
Asie Chine
9%
Asie Chypre
9%
Amérique Colombie
9%
Europe Croatie
9%
Amérique Cuba
9%
Europe Danemark
9%
Europe Espagne
9%
Europe Estonie
9%
Océanie Fidji
9%
Europe Finlande
9%
Asie Géorgie
9%
Europe Hongrie
9%
Europe Irlande
9%
Europe Islande
9%
Asie Jordanie
9%
Océanie Kiribati
9%
Europe Lettonie
9%
Europe Lituanie
9%
Asie Malaisie
9%
Asie Maldives
9%
Afrique Maurice
9%
Europe Monaco
9%
Asie Mongolie
9%
Europe Norvège
9%
Asie Pakistan
9%
Amérique Panama
9%
Europe Pays-Bas
9%
Amérique Pérou
9%
Europe Pologne
9%
Europe Portugal
9%
Asie Qatar
9%
Europe Roumanie
9%
Europe Russie
9%
Europe Slovénie
9%
Europe Suisse
9%
Afrique Tanzanie
9%
Europe Ukraine
9%
Amérique Équateur
0%
Amérique Grenade
0%
Amérique Guyana
0%
Amérique Haïti
0%
Amérique Honduras
0%
Amérique Jamaïque
0%
Amérique Mexique
0%
Europe Moldavie
0%
Asie Myanmar
0%
Amérique Paraguay
0%
Amérique Salvador
0%
Afrique Sénégal
0%
Europe Serbie
0%
Amérique Suriname
0%
Asie Syrie
0%
Europe Turquie
0%
Amérique Uruguay
0%
Asie Viêt Nam
0%
Aucun quiz correspondant
Distribution des résultats
% des personnes avec chaque résultat
Percentile par nombre de réponses
Votre historique - résultats
Vous n’avez pas pris ce quiz